LEADER 00860nam a2200217 i 4500 001 000000168204 003 CaOOAMICUS 005 20071219000000.0 008 071219s1957 it u000 u ita u 013 $a145606 040 $aSeMil$bita 245 10$aPer un grande vocabolario storico della lingua italiana. 260 $aFirenze :$bSansoni,$c1957. 300 $a152 p. ;$c19 cm. 490 0 $aBiblioteca di lingua nostra ;$v11. 650 4$aLingua italiana.$0(OLS)http://semarc/subject/7694 830 0$aBiblioteca di lingua nostra ;$v11.$0(OLS)http://semarc/title/24981 850 $aSeMil 852 $aSeMil$W1$xVenegono$y1$m1Q II 54$j119293$B119293$CSeMilBibl$Z2$F130146 $81 996 $6245$aPer un grande vocabolario storico della lingua italiana$9(OLS)http://semarc/title/240631 996 $6260$aFirenze :$bSansoni$9(OLS)http://semarc/publisher/29843 LEADER 01007nam a2200265 i 4500 001 000000198278 003 CaOOAMICUS 005 20140529000000.0 008 140529s1962 it u000 u ita u 013 $a176966 040 $aSeMil$bita 100 1 $aCrapanzano.$0(OLS)http://semarc/name/71753 245 10$aNella casa del padre /$cCrapanzano. 260 $aAlba (CN) :$bPaoline,$c1962. 300 $a237 p. ;$c19 cm. 490 0 $aGens sancta. 2. serie 500 $aFondo card. Giovanni Colombo. 650 4$aSheppard, Carolina .$0(OLS)http://semarc/subject/32755 830 0$aGens sancta. 2. serie.$0(OLS)http://semarc/title/31373 850 $aSeMil 852 $aSeMil$W1$xVenegono$y1$m3GC VI 2$j148834$B148834$CSeMilBibl$Z2$F160251 $8B 941 1 $a3 961 $aLascito: Colombo Card. Giovanni 996 $6245$aNella casa del padre$9(OLS)http://semarc/title/286461 996 $6260$aAlba (CN) :$bPaoline$9(OLS)http://semarc/publisher/31278